00703nam a2200205Ia 4500003000900000008004100009020001800050040001600068080001300084100002900097245010300126260004800229300001500277650002300292650001900315650001100334942000700345999001700352952012800369IN-BaIIA211028s9999 xx 000 0 eng d a0-521-58868-5 cIIA Library a535bSHA aShannon, Robert R911629 4aThe art and science of optical designcRobert R. Shannon  aCambridgebCambridge University Pressc1997 axiv, 614p. aAbberations921596 aOptical design aOptics cBK c12350d12350 00104070aBANbBANcGENd1998-01-05eTBH g995.00l0o535/ SHAp13266r2021-11-05v995.00w1998-01-05yBKGRs. 995.00